Analýza vývoja malého a stredného podnikania a návrh na zmeny v systéme podpory malého a stredného podnikania
Základné údaje o stave malého a stredného podnikania (MSP) v SR v roku 2001. Prehľad najdôležitejších problémov MSP v SR. Analýza súčasného systému podpory MSP. Návrh na zmeny v systéme podpory MSP. Nový systém podpory MSP. Podnikateľské prostredie. Inštitucionálne zabezpečenie. Reforma v oblasti p...
Enregistré dans:
| Format: | Chapitre de livre |
|---|---|
| Langue: | slovaque |
| Sujets: | |
| Tags: |
Pas de tags, Soyez le premier à ajouter un tag!
|
MARC
| LEADER | 00000naa a2200000 4500 | ||
|---|---|---|---|
| 001 | r046596 | ||
| 005 | 20230927070547.6 | ||
| 041 | 0 | |a slo | |
| 044 | |a SK | ||
| 245 | 1 | 0 | |a Analýza vývoja malého a stredného podnikania a návrh na zmeny v systéme podpory malého a stredného podnikania |
| 520 | |a Základné údaje o stave malého a stredného podnikania (MSP) v SR v roku 2001. Prehľad najdôležitejších problémov MSP v SR. Analýza súčasného systému podpory MSP. Návrh na zmeny v systéme podpory MSP. Nový systém podpory MSP. Podnikateľské prostredie. Inštitucionálne zabezpečenie. Reforma v oblasti podporných programov. Zlepšenie systému informácií o MSP. | ||
| 610 | 2 | 0 | |a podnikanie |
| 610 | 2 | 0 | |a podnikanie malé |
| 610 | 2 | 0 | |a podnikanie stredné |
| 610 | 2 | 0 | |a prostredie podnikateľské |
| 610 | 2 | 0 | |a Slovensko |
| 610 | 2 | 0 | |a živnostníci |
| 610 | 2 | 0 | |a podnikatelia |
| 610 | 2 | 0 | |a podpora podnikania |
| 610 | 2 | 0 | |a analýzy |
| 610 | 2 | 0 | |a politika podnikania |